| 000 | 00756nam a2200217 a 4500 | ||
|---|---|---|---|
| 005 | 20250527063805.0 | ||
| 008 | 140401s2005 es r 000 0 spa d | ||
| 020 | _a8488342888 | ||
| 035 | _aUPN01000196728 | ||
| 049 | _aI | ||
| 050 | 4 |
_aM1985 _bF3.2 |
|
| 100 | 1 |
_aFavret, Hafida _935617 |
|
| 245 | 1 | 0 |
_aA la sombra del olivo : _bel Magreb en 29 canciones infantiles / _cHafida Favret, Magdeleine Lerasle ; il. Nathalie Novi. |
| 260 |
_aEspaña : _bKókinos, _cc2005. |
||
| 300 |
_a57 p. : _bil. col. + _e1 CD-ROM ; 4 3/4 plg. |
||
| 500 | _aEl CD-ROM solicítalo en el mostrador de préstamo | ||
| 534 |
_pTítulo original : _tÁ l'ombre de l'olivier |
||
| 650 | 2 |
_aCanciones infantiles _95682 |
|
| 650 | 4 |
_aRimas infantiles _910247 |
|
| 905 | _aInfantil | ||
| 999 |
_c168829 _d168829 |
||